000 00461nam a2200181Ia 4500
001 14232
005 20260306164859.0
008 260306t2013||||xx |||||||||||||| ||spa||
041 _aESP
082 _a510.073
_bT75
100 _aTorres Pinedo, Francisco Edgardo
_eAUT
245 0 _aMatemática básica:
_bpara ciencias e ingeniería
260 _c2013
300 _a402 páginas :
_c20 cm.
650 _aGEN
654 _aCMA
942 _cLIB
_dJUS
_fJUS
_2ddc
_n
999 _c14232
_d14232